000 00470nam a2200193Ia 4500
008 170918s9999 xx 000 0 und d
020 _a9781484749715
050 _bR585 2015
100 _aRiordan, Rick
245 4 _aThe sword of summer /
245 _cby Rick Riordan.
260 _aUSA :
260 _bHyperion,
260 _c2015
300 _a497 pages :
300 _billustrations ;
300 _c20cm.
300 _eMagnus chase and the gods ofAsgard.
999 _c344026
_d344026